Premier League Appearances by Nationality: Ecuador - Statistics

General Stats
  • This quiz has been taken 9 times
  • The average score is 4 of 10
Answer Stats
Appearances Player % Correct
325 Antonio Valencia
86%
75 Enner Valencia
86%
27 Felipe Caicedo
71%
137 Moises Caicedo
71%
84 Pervis Estupinan
57%
30 Christian Benitez
0%
66 Jefferson Montero
0%
17 Juan Carlos Paredes
0%
17 Segundo Castillo
0%
104 Ulises de la Cruz
0%
No matching quizzes found
Score Distribution
Percent of People with Each Score
Percentile by Number Answered
Your Score History
You have not taken this quiz